Santa Cruz que se venera en el Convento de Religiosos Franciscanos de la ciudad de Tepic, en el obispado de Guadalajara

Detalles Bibliográficos
Formato: Libro
Publicado: s.l. 1853
Materias:
Colección:Banco de datos
Acervo:Biblioteca del Ex Convento de Nuestra Señora de Guadalupe. Zacatecas
Tema general:Religiosos
Notas:Buena. XI,6,1(3634). Sermón encuadernado en un solo volumen con 13 sermones de distintas festividades y distintos autores. Sin marca de fuego
LEADER 00813nam a22001810004500
035 |a 42638 
036 |a 3822 
245 1 0 |a Santa Cruz que se venera en el Convento de Religiosos Franciscanos de la ciudad de Tepic, en el obispado de Guadalajara 
260 |a s.l.  |b tip. de Rodríguez  |c 1853 
500 |a Buena. XI,6,1(3634). Sermón encuadernado en un solo volumen con 13 sermones de distintas festividades y distintos autores. Sin marca de fuego 
650 1 0 |a Religiosos 
949 |a CRZ-CG 
959 |a Ex convento de Nuestra Señora de Guadalupe, Museo Regional de Zacatecas, Zacatecas  |b CCC4 
960 |a Convento de Nuestra Señora de Guadalupe, Zacatecas  |b DD87 
961 |a Franciscana  |b OF 
942 |c CRZ-CG 
943 |g Biblioteca del Ex Convento de Nuestra Señora de Guadalupe. Zacatecas 
999 |c 966765  |d 966765